=LDR 00000nam 2200000 4500 =001 000471 =005 20250711031457 =035 ##$$a 0010-0725000333 =007 ta =008 250711################a##########0#ind## =020 ##$$a 978-623-307-690-6 =082 ##$$a 398.209 598 =100 #$$a Hong Vannsothy =245 1#$$a Saat Singa Lapat Bertemu Seekor Anak Anjing /$c Hong Vannsothy =250 ##$$a pertama =260 ##$$a Jakarta :$b Badan Pengembangan dan Pembinaan Bahasa,$c 2022 =300 ##$$a 32hlm. : $b ilus. ; $c 22,9cm =650 #4$$a Cerita anak Indonesia terjemahan =650 #4$$a Literasi bahan bacaan =700 #$$a Soeurt Roeurt =084 ##$$a 398.209 598 HON s =990 ##$$a TBM202400221